LEADER 01397nam--2200421---450- 001 990005989590203316 005 20141211095816.0 010 $a978-88-7947-518-1 035 $a000598959 035 $aUSA01000598959 035 $a(ALEPH)000598959USA01 035 $a000598959 100 $a20141210d2010----km-y0itay50------ba 101 0 $aita 102 $aIT 105 $aa|||||||001yy 200 1 $aMedicina nucleare$etecniche, metodologie, applicazioni$eper studenti e medici di medicina generale$fBagni ... [et al.]$ga cura di A. Cuocolo, L. Mansi$gpresentazione di M. Salvatore, F. Fazio 210 $aNapoli$cIdelson-Gnocchi$d2010 215 $aXXI, 369 p.$cill.$d26 cm 300 $aIndicazione di autori in copertina: Cuocolo ... [et al.] 606 0 $aMedicina nucleare$2BNCF 676 $a616.07575 702 1$aBAGNI,$bBruno 702 1$aCUOCOLO,$bA. 702 1$aMANSI,$bL. 702 1$aSALVATORE,$bMarco 702 1$aFAZIO,$bFerruccio 801 0$aIT$bsalbc$gISBD 912 $a990005989590203316 951 $a616.075 MED 1$b2362 Med.$c616.075$d365185 951 $a616.075 MED 1a$b2363 Med.$c616.075$d365187 959 $aBK 969 $aMED 979 $aANNAMARIA$b90$c20141211$lUSA01$h0918 979 $aANNAMARIA$b90$c20141211$lUSA01$h0924 979 $aANNAMARIA$b90$c20141211$lUSA01$h0958 996 $aMedicina nucleare$9396244 997 $aUNISA LEADER 01292nam2 22002773i 450 001 VAN0106678 005 20230725011456.228 020 $aIT$b6011372 100 $a20161021d1960 |0itac50 ba 101 $aita 102 $aIT 105 $a|||| ||||| 200 1 $aˆ2: La ‰cognitio extra ordinem$fGiuseppe Provera 210 $aTorino$cG. Giappichelli$d stampa 1960 215 $a122 p.$d25 cm 410 1$1001VAN0043550$12001 $aMemorie dell'Istituto giuridico. Ser. 2$fUniversità di Torino$1210 $a Torino$cpresso l'Istituto giuridico della R. Università$c[poi] Giappichelli.$v103 461 1$1001VAN0106677$12001 $aˆLa ‰pluris petitio nel processo romano$fGiuseppe Provera$1210 $aTorino$cG. Giappichelli$d stampa 1958-1960$1215 $a2 volumi$d25 cm.$v2 620 $dTorino$3VANL000001 700 1$aProvera$bGiuseppe$3VANV004746$0229685 712 $aGiappichelli $3VANV107921$4650 801 $aIT$bSOL$c20230728$gRICA 899 $aBIBLIOTECA DEL DIPARTIMENTO DI GIURISPRUDENZA$1IT-CE0105$2VAN00 912 $aVAN0106678 950 $aBIBLIOTECA DEL DIPARTIMENTO DI GIURISPRUDENZA$d00CONS BL.900M.592 103 (2) $e00BL 6058 SLP 20161021 Biblioteca Lauria 996 $aCognitio extra ordinem$9895266 997 $aUNICAMPANIA LEADER 02818nam0 2200565 i 450 001 VAN00124155 005 20240806100815.579 017 70$2N$a9783319585406 100 $a20191009d2017 |0itac50 ba 101 $aeng 102 $aCH 105 $a|||| ||||| 200 1 $aFunctional Analysis, Spectral Theory, and Applications$fManfred Einsiedler, Thomas Ward 210 $aCham$cSpringer$d2017 215 $axiv, 614 p.$cill.$d24 cm 410 1$1001VAN00023579$12001 $aGraduate texts in mathematics$1210 $aNew York [etc.]$cSpringer$d1950-$v276 500 1$3VAN00235619$aFunctional Analysis, Spectral Theory, and Applications$91562552 606 $a11Nxx$xMultiplicative number theory [MSC 2020]$3VANC020461$2MF 606 $a20F69$xAsymptotic properties of groups [MSC 2020]$3VANC024156$2MF 606 $a22Bxx$xLocally compact abelian groups (LCA groups) [MSC 2020]$3VANC021309$2MF 606 $a35J25$xBoundary value problems for second-order elliptic equations [MSC 2020]$3VANC019840$2MF 606 $a35P10$xCompleteness of eigenfunctions and eigenfunction expansions in context of PDEs [MSC 2020]$3VANC023070$2MF 606 $a35P20$xAsymptotic distribution of eigenvalues in context of PDEs [MSC 2020]$3VANC022648$2MF 606 $a37Axx$xErgodic theory [MSC 2020]$3VANC021388$2MF 606 $a46-XX$xFunctional analysis [MSC 2020]$3VANC019764$2MF 606 $a47-XX$xOperator theory [MSC 2020]$3VANC019759$2MF 606 $a47A60$xFunctional calculus for linear operators [MSC 2020]$3VANC021617$2MF 610 $aAmenable groups$9KW:K 610 $aElliptic regularity$9KW:K 610 $aFunctional Analysis$9KW:K 610 $aLaplace operator$9KW:K 610 $aMeasurable functional calculus$9KW:K 610 $aOrdinary Differential Equations$9KW:K 610 $aPartial Differential Equations$9KW:K 610 $aPontryagin duality$9KW:K 610 $aPrime number theorem$9KW:K 610 $aProperty (T) Expander graph$9KW:K 610 $aSpectral theory of Banach algebras$9KW:K 620 $aCH$dCham$3VANL001889 700 1$aEinsiedler$bManfred$3VANV095627$0477516 701 1$aWard$bThomas$3VANV036606$0329535 712 $aSpringer $3VANV108073$4650 801 $aIT$bSOL$c20250606$gRICA 856 4 $uhttp://doi.org/10.1007/978-3-319-58540-6$zE-book ? Accesso al full-text attraverso riconoscimento IP di Ateneo, proxy e/o Shibboleth 899 $aBIBLIOTECA DEL DIPARTIMENTO DI MATEMATICA E FISICA$1IT-CE0120$2VAN08 912 $fN 912 $aVAN00124155 950 $aBIBLIOTECA DEL DIPARTIMENTO DI MATEMATICA E FISICA$d08DLOAD e-book 0681 $e08eMF681 20191009 996 $aFunctional Analysis, Spectral Theory, and Applications$91562552 997 $aUNICAMPANIA